000 00212 a2200085 4500
020 _a9780977339983
100 _a Linanne G. Sackett
245 _aWoodstock Story Book
260 _b Channel Photographics/Brunswic
_c2009
999 _c13266
_d13266